000 00312nam a22001217a 4500
008 160423b xxu||||| |||| 00| 0 eng d
020 _a9781449661335
020 _a978144661335
041 _aeng
080 _a612.39
245 _aDiscovering nutrition:
_cPaul Insel; Don Ross;Kimberley McMahon;
942 _2udc
_cBK
999 _c1558
_d1558